Nhanh chóng ngăn chặn ô nhiễm nguồn nước mặt /

Gardado en:
Detalles Bibliográficos
Autor Principal: Phương Văn Đông
Formato: Artigo
Idioma:Vietnamese
Những chủ đề:
Các nhãn: Engadir etiqueta
Sen Etiquetas, Sexa o primeiro en etiquetar este rexistro!
Thư viện lưu trữ: Thư viện Trường Đại học Đà Lạt
LEADER 00766nam a2200277 4500
001 DLU060052495
040 # # |a DLU  |b vie 
041 # # |a vie 
044 # # |a vn 
100 # # |a Phương Văn Đông 
245 # # |a Nhanh chóng ngăn chặn ô nhiễm nguồn nước mặt /  |c Phương Văn Đông 
653 # # |a Ô nhiễm 
653 # # |a Nước 
653 # # |a Tài nguyên nước 
773 # # |t Tài nguyên và môi trường  |g Số 11, 2005, tr.22-23 
920 # # |a Phòng Tạp chí -- Trung tâm Thông tin - Thư viện Trường Đại học Đà Lạt 
933 # # |a CT, TN 
994 # # |a DLU 
900 # # |a True 
911 # # |a Nguyễn Thị Yên 
925 # # |a G 
926 # # |a A 
927 # # |a BB 
980 # # |a Thư viện Trường Đại học Đà Lạt